| 000 | 01039cac a22003011a 4500 | ||
|---|---|---|---|
| 999 |
_c1772 _d1772 |
||
| 003 | EG-ScBUE | ||
| 005 | 20200112130124.0 | ||
| 008 | 190724r19711969enk f bd 000 0 eng d | ||
| 020 | _a0713902515 | ||
| 040 |
_aEG-ScBUE _beng _erda _cEG-ScBUE _dEG-ScBUE |
||
| 082 | 0 | 4 |
_a803 _2PEN _b22 |
| 245 | 0 | 4 |
_aThe Penguin companion to literature / _cclassical and byzantine, edited by D. R. Dudley, oriental and African, edited by D. M. Lang. |
| 250 | _3Revised edition. | ||
| 264 | 1 |
_aLondon : _bAllen Lane the Penguin Press, _c1971. |
|
| 300 |
_a360 pages : _b25 cm. |
||
| 336 |
_2rdacontent _atext _btxt |
||
| 337 |
_2rdamedia _aunmediated _bn |
||
| 338 |
_2rdacarrier _avolume _bnc |
||
| 490 | 0 | _aPenguin books | |
| 504 | _aIncludes bibliographical references. | ||
| 590 | _aAml khaled | ||
| 650 | 7 |
_aLiterature _vDictionaries. _2BUEsh |
|
| 653 |
_cJuly2019 _bHHUUEENN |
||
| 655 | _vReading book | ||
| 700 | 1 |
_tDudley, Donald R. _q(Donald Reynolds) _eeditor. |
|
| 700 | 1 |
_aLang, David Marshall, _eeditor. |
|
| 942 |
_cREFERENCE _k803 PEN _2ddc |
||